| 000 | 00527nam a2200169 i 4500 | ||
|---|---|---|---|
| 001 | 101246 | ||
| 003 | ES-MaACL | ||
| 007 | t| | ||
| 008 | 051014s1946 sp ||||1| spa d | ||
| 100 | 1 |
_aMaxwell, William B. _979319 |
|
| 245 | 1 | 0 |
_aOlvidamos porque debemos olvidar / _cWilliam B. Maxwell; [traducción del inglés de Guillermo Villalonga]. |
| 250 | _a3ª ed. | ||
| 260 |
_aBarcelona : _bVictoria, _c1946. |
||
| 300 |
_a361 p. ; _c20 cm. |
||
| 700 | 1 |
_aVillalonga, Guillermo. _9114973 |
|
| 852 |
_aES-MaACL _jE-509 _bR.28605 |
||
| 999 |
_c101246 _d101246 |
||